Ο οδηγός της Microsoft για το Microsoft Excel 2000
Αποθηκεύτηκε σε:
| Κύριος συγγραφέας: | |
|---|---|
| Άλλοι συγγραφείς: | |
| Μορφή: | Βιβλίο |
| Γλώσσα: | Greek English |
| Δημοσίευση: |
Αθήνα :
Κλειδάριθμος,
1999.
|
| Σειρά: | Οδηγοί της Microsoft
|
| Θέματα: | |
| Ετικέτες: |
Προσθήκη ετικέτας
Δεν υπάρχουν, Καταχωρήστε ετικέτα πρώτοι!
|
MARC
| LEADER | 00000nam a2200000 i 4500 | ||
|---|---|---|---|
| 001 | 1/68638 | ||
| 008 | 020603s1999 gr | ||| |||| ||gre|| | ||
| 020 | |a 9603321753 | ||
| 035 | |l 10002104 | ||
| 040 | |a GR-MyUa |b gre |e AACR2 | ||
| 041 | 1 | |a gre |h eng | |
| 082 | 7 | |a 005.36 |2 (21) | |
| 100 | 1 | |a Dodge, Mark. | |
| 245 | 1 | 2 | |a Ο οδηγός της Microsoft για το Microsoft Excel 2000 / |c Mark Dodge, Craig Stinson ; μετάφραση Πανόπουλος Τάσος. |
| 246 | 1 | |i Άλλες παραλλαγές του τίτλου: |a Microsoft Excel 2000 | |
| 260 | |a Αθήνα : |b Κλειδάριθμος, |c 1999. | ||
| 300 | |a xxiii, 1004 σ. : |b εικ. ; |c 24 εκ. + |e 1 οπτική δισκέτα λέιζερ Η/Υ (4 3/4 ίν.) | ||
| 490 | 1 | |a (Οδηγοί της Microsoft) | |
| 500 | |a Τίτλος πρωτοτύπου: Running Microsoft Excel 2000. | ||
| 500 | |a Περιλαμβάνει ευρετήριο. | ||
| 630 | 0 | 0 | |a Microsoft Excel (Computer file) |
| 650 | 0 | |a Business |x Computer programs. | |
| 650 | 0 | |a Electronic spreadsheets. | |
| 700 | 1 | |a Stinson, Craig, |d 1943- | |
| 830 | 0 | |a Οδηγοί της Microsoft | |
| 852 | |a INST |b SYROS |e 20020603 |h 005.36 DOG |p 005500000263 |q 005500000263 |t BK |y 620 | ||
| 852 | |a INST |b SYROS |e 20020618 |h 005.36 DOG |p 005500000204 |q 005500000204 |t BK |y 620 | ||
| 901 | |a BIBL5-2002-2 | ||
| 922 | |a 5ΕΛΗ |b 200204 |c Βιβλιοθήκη Σύρου |d Παπασωτηρίου | ||
| 950 | |a 188-2002-04-04 | ||
| 970 | |a Κοντού |b Παρασκευή |z 18/06/2002 | ||